[Event "15th Deltalift Open 2018"]
[Site "Halmstad"]
[Date "2018.05.10"]
[Round "1"]
[White "Holst, Peter"]
[Black "Bellon Lopez, Juan Manuel"]
[Result "1-0"]
[WhiteElo "1896"]
[BlackElo "2344"]
[Annotator "ChessBase"]
[PlyCount "99"]
[EventDate "2018.??.??"]
[EventType "swiss"]
[EventCountry "SWE"]
[SourceTitle "playchess.com"]
[Source "ChessBase"]
[SourceQuality "1"]
[TimeControl "1800+12"]

1. e4 {[%emt 0:00:00]} c5 {[%emt 0:00:06]} 2. Nf3 {[%emt 0:00:02]} e6 {[%emt 0:00:04]} 3. d4 {[%emt 0:00:05]} cxd4 {[%emt 0:00:04]} 4. Nxd4 {[%emt 0:00:07]} a6 {[%emt 0:00:05]} 5. Nc3 {[%emt 0:00:28]} b5 {[%emt 0:00:15]} 6. Be3 {[%emt 0:00:32]} Bb7 {[%emt 0:00:23]} 7. f3 {[%emt 0:00:12]} Bb4 {[%emt 0:00:39]} 8. Qd2 {[%emt 0:01:51]} Qc7 {[%emt 0:00:13]} 9. a3 {[%emt 0:01:12]} Bxc3 {[%emt 0:01:11]} 10. bxc3 {[%emt 0:00:11]} Nf6 {[%emt 0:00:16]} 11. a4 {[%emt 0:12:29]} bxa4 {[%emt 0:00:17]} 12. Rxa4 {[%emt 0:00:33]} d5 {[%emt 0:00:25]} 13. exd5 {[%emt 0:01:51]} Nxd5 {[%emt 0:00:05]} 14. c4 {[%emt 0:06:01]} Nxe3 {[%emt 0:00:49]} 15. Qxe3 {[%emt 0:00:09]} O-O {[%emt 0:01:40]} 16. Bd3 {[%emt 0:02:44]} Rd8 {[%emt 0:03:36]} 17. Nb3 {[%emt 0:02:35]} Nd7 {[%emt 0:00:19]} 18. O-O {[%emt 0:01:08]} Qe5 {[%emt 0:00:31]} 19. Re1 {[%emt 0:00:24]} Qxe3+ {[%emt 0:00:03]} 20. Rxe3 {[%emt 0:00:02]} Rac8 {[%emt 0:03:12]} 21. Kf2 {[%emt 0:00:25]} Nc5 {[%emt 0:00:22]} 22. Nxc5 {[%emt 0:00:20]} Rxc5 {[%emt 0:00:02]} 23. Re1 {[%emt 0:01:17]} g6 {[%emt 0:01:13]} 24. Rb1 {[%emt 0:00:28]} Rd7 {[%emt 0:00:16]} 25. Rb6 {[%emt 0:01:23]} Kf8 {[%emt 0:00:32]} 26. Rab4 {[%emt 0:01:37]} Bc8 {[%emt 0:01:49]} 27. Rb8 {[%emt 0:00:51]} Ke7 {[%emt 0:00:38]} 28. Ra4 {[%emt 0:04:20]} Ra7 {[%emt 0:00:56]} 29. Rb6 {[%emt 0:00:16]} Kd8 {[%emt 0:02:16]} 30. Ke3 {[%emt 0:00:49]} Kc7 {[%emt 0:00:12]} 31. Rb1 {[%emt 0:00:16]} e5 {[%emt 0:01:38]} 32. f4 {[%emt 0:00:47]} exf4+ {[%emt 0:03:00]} 33. Kxf4 {[%emt 0:00:06]} Bd7 {[%emt 0:03:12]} 34. Ra3 {[%emt 0:03:21]} a5 {[%emt 0:00:33]} 35. Ke3 {[%emt 0:00:49]} Bc6 {[%emt 0:01:45]} 36. Rf1 {[%emt 0:01:08]} Re5+ {[%emt 0:02:47]} 37. Kd4 {[%emt 0:00:31]} Re7 {[%emt 0:00:01]} 38. g3 {[%emt 0:00:18]} a4 {[%emt 0:00:03]} 39. Rf6 {[%emt 0:00:08]} Ra5 {[%emt 0:00:13]} 40. c5 {[%emt 0:03:47]} Rd7+ {[%emt 0:03:18]} 41. Kc4 {[%emt 0:00:46]} Ra7 {[%emt 0:01:16]} 42. Kc3 {[%emt 0:00:51]} h5 {[%emt 0:01:11]} 43. Bc4 {[%emt 0:00:13]} Be4 {[%emt 0:02:06]} 44. Rxf7 {[%emt 0:00:24]} Kc6 {[%emt 0:00:55]} 45. Rxd7 {[%emt 0:00:22]} Rxd7 {[%emt 0:00:11]} 46. Rxa4 {[%emt 0:00:39]} Bf5 {[%emt 0:02:55]} 47. Bd3 {[%emt 0:01:55]} Rd5 {[%emt 0:00:14]} 48. Bxf5 {[%emt 0:00:54]} gxf5 {[%emt 0:00:59]} 49. Rh4 {[%emt 0:00:26]} Rxc5+ {[%emt 0:00:51]} 50. Rc4 {[%emt 0:00:03]} 1-0

[Event "15th Deltalift Open 2018"]
[Site "Halmstad"]
[Date "2018.05.10"]
[Round "1"]
[White "Westergren, Bertil"]
[Black "Pantzar, Milton"]
[Result "0-1"]
[WhiteElo "1891"]
[BlackElo "2333"]
[Annotator "NA"]
[PlyCount "52"]
[EventDate "2018.??.??"]
[EventType "swiss"]
[EventCountry "SWE"]
[SourceTitle "playchess.com"]
[Source "ChessBase"]
[SourceQuality "1"]
[TimeControl "1800+12"]

1. d4 {[%emt 0:00:11]} Nf6 {[%emt 0:00:15]} 2. c4 {[%emt 0:00:21]} Nc6 {[%emt 0:01:16]} 3. Nc3 {[%emt 0:02:46]} e5 {[%emt 0:00:57]} 4. d5 {[%emt 0:06:35]} Ne7 {[%emt 0:00:31]} 5. e4 {[%emt 0:00:37]} Ng6 {[%emt 0:01:19]} 6. Nf3 {[%emt 0:05:36]} Bc5 {[%emt 0:01:55]} 7. Be2 {[%emt 0:04:49]} O-O {[%emt 0:02:50]} 8. Qc2 {[%emt 0:02:37]} d6 {[%emt 0:02:18]} 9. Na4 {[%emt 0:02:45]} Bb4+ {[%emt 0:01:00]} 10. Bd2 {[%emt 0:00:20]} Bxd2+ {[%emt 0:00:19]} 11. Nxd2 {[%emt 0:00:17]} Bg4 {[%emt 0:05:20]} 12. f3 {[%emt 0:01:28]} Bd7 {[%emt 0:00:05]} 13. g3 {[%emt 0:00:34]} c6 {[%emt 0:00:42]} 14. Nc3 {[%emt 0:00:37]} Qb6 {[%emt 0:00:59]} 15. O-O-O {[%emt 0:00:34]} cxd5 {[%emt 0:01:02]} 16. cxd5 {[%emt 0:00:31]} Rac8 {[%emt 0:00:35]} 17. Kb1 {[%emt 0:00:21]} Qf2 {[%emt 0:03:34]} 18. Qd3 {[%emt 0:00:48]} Nh5 {[%emt 0:02:33]} 19. Rdf1 {[%emt 0:00:32]} Qb6 {[%emt 0:00:46]} 20. f4 {[%emt 0:03:33]} Nhxf4 {[%emt 0:00:41]} 21. gxf4 {[%emt 0:00:03]} Nxf4 {[%emt 0:00:07]} 22. Qf3 {[%emt 0:00:38]} Rxc3 {[%emt 0:00:12]} 23. Qxc3 {[%emt 0:00:05]} Nxe2 {[%emt 0:00:04]} 24. Qb3 {[%emt 0:03:15]} Qd4 {[%emt 0:03:10]} 25. Qd1 {[%emt 0:07:17]} Bb5 {[%emt 0:01:53]} 26. Rf3 {[%emt 0:01:57]} Rc8 {[%emt 0:01:07]} 0-1

[Event "15th Deltalift Open 2018"]
[Site "Halmstad"]
[Date "2018.05.10"]
[Round "1"]
[White "Klement, Hans"]
[Black "Haugli, Petter"]
[Result "1/2-1/2"]
[WhiteElo "1870"]
[BlackElo "2245"]
[Annotator "NA"]
[PlyCount "64"]
[EventDate "2018.??.??"]
[EventType "swiss"]
[EventCountry "SWE"]
[SourceTitle "playchess.com"]
[Source "ChessBase"]
[SourceQuality "1"]
[TimeControl "1800+12"]

1. e4 {[%emt 0:00:12]} c5 {[%emt 0:00:09]} 2. Nf3 {[%emt 0:00:24]} e6 {[%emt 0:00:09]} 3. d3 {[%emt 0:00:14]} Nc6 {[%emt 0:00:15]} 4. g3 {[%emt 0:00:22]} Nf6 {[%emt 0:00:19]} 5. Bg2 {[%emt 0:00:08]} Be7 {[%emt 0:00:19]} 6. O-O {[%emt 0:00:25]} O-O {[%emt 0:00:12]} 7. Nbd2 {[%emt 0:02:00]} d6 {[%emt 0:01:28]} 8. c3 {[%emt 0:02:13]} d5 {[%emt 0:06:23]} 9. e5 {[%emt 0:01:10]} Nd7 {[%emt 0:00:13]} 10. Re1 {[%emt 0:00:54]} b6 {[%emt 0:00:29]} 11. Qe2 {[%emt 0:06:15]} Ba6 {[%emt 0:01:28]} 12. Nf1 {[%emt 0:00:50]} Qc7 {[%emt 0:00:41]} 13. h4 {[%emt 0:01:45]} Rae8 {[%emt 0:09:31]} 14. Bf4 {[%emt 0:00:11]} b5 {[%emt 0:01:07]} 15. Ne3 {[%emt 0:02:45]} Nb6 {[%emt 0:01:31]} 16. Ng4 {[%emt 0:01:14]} d4 {[%emt 0:00:16]} 17. cxd4 {[%emt 0:02:48]} Nd5 {[%emt 0:00:06]} 18. Bd2 {[%emt 0:03:43]} cxd4 {[%emt 0:00:57]} 19. Rac1 {[%emt 0:00:08]} Qb6 {[%emt 0:00:14]} 20. Ng5 {[%emt 0:00:42]} Bxg5 {[%emt 0:00:46]} 21. hxg5 {[%emt 0:00:40]} Nce7 {[%emt 0:01:23]} 22. Be4 {[%emt 0:01:02]} Ng6 {[%emt 0:00:54]} 23. Kg2 {[%emt 0:02:03]} Rc8 {[%emt 0:02:11]} 24. Rh1 {[%emt 0:00:27]} Rxc1 {[%emt 0:00:23]} 25. Bxc1 {[%emt 0:00:02]} Bb7 {[%emt 0:00:14]} 26. Nf6+ {[%emt 0:00:38]} Nxf6 {[%emt 0:07:11]} 27. gxf6 {[%emt 0:02:36]} Bxe4+ {[%emt 0:03:23]} 28. Qxe4 {[%emt 0:00:02]} Rc8 {[%emt 0:01:04]} 29. fxg7 {[%emt 0:01:55]} Qc6 {[%emt 0:00:17]} 30. Qxc6 {[%emt 0:01:09]} Rxc6 {[%emt 0:00:03]} 31. f4 {[%emt 0:01:28]} Kxg7 {[%emt 0:02:07]} 32. Kf3 {[%emt 0:00:05]} Ne7 {[%emt 0:00:32]} 1/2-1/2

[Event "15th Deltalift Open 2018"]
[Site "Halmstad"]
[Date "2018.05.10"]
[Round "2"]
[White "Westerberg, Jonathan"]
[Black "Neretljak, Nedzad"]
[Result "1-0"]
[WhiteElo "2523"]
[BlackElo "2099"]
[Annotator "TA"]
[PlyCount "67"]
[EventDate "2018.??.??"]
[EventType "swiss"]
[EventCountry "SWE"]
[SourceTitle "playchess.com"]
[Source "ChessBase"]
[SourceQuality "1"]

{[%evp 17,67,50,56,24,22,18,60,50,58,55,56,18,81,76,95,90,91,83,102,103,105,87,92,35,91,95,81,102,168,145,243,240,451,456,470,442,530,531,523,517,507,510,504,499,669,668,669,669,668,666,1818,1661]} 1. e4 e6 2. d4 d5 3. Bd3 c5 4. exd5 exd5 5. Nf3 Nf6 6. O-O Be7 7. dxc5 O-O 8. Nc3 {[%cal Bb1c3,Bc3e4,Be4g5][%mdl 32]} Nc6 9. Bg5 Be6 10. Qd2 {C10: French with 3 Nc3: Unusual Black 3rd moves and 3...dxe4} (10. Na4 Qa5 11. b3 h6 12. Bd2 Qc7 13. Re1 Rad8 14. c3 Bg4 15. h3 Bh5 16. Be2 Ne4 17. Nd4 Bg6 {½-½ (47) Borge,N (2383)-Sorensen,J (2431) Denmark 2015}) 10... Bxc5 11. Rad1 d4 $146 ({Predecessor:} 11... Be7 12. Ne2 Ne4 13. Bxe7 Nxd2 14. Bxd8 Nxf3+ 15. gxf3 Rfxd8 {½-½ (22) Wiemer,R (2290)-Meyer,P (2320) Germany 1992}) 12. Bxf6 {White is slightly better.} Qxf6 13. Ne4 Qe7 $1 14. Qg5 Qxg5 (14... Bb6 $11) 15. Nfxg5 $16 Bb6 16. Nxe6 fxe6 17. Ng5 h6 18. Nxe6 Rf6 19. Bc4 $36 {[%mdl 2048] aiming for Nc7+. Black is under strong pressure.} Kh8 20. a3 (20. g3 $16) 20... Rc8 {[#]} ({Better is} 20... Re8 $14) 21. Bd5 $1 Ne7 22. Bb3 ({Worse is} 22. Bxb7 Rb8 $17) 22... Nf5 (22... Nc6 $16 {was called for.}) 23. Nf4 Rd6 (23... Ba5 $16 24. Kh1 a6) 24. Be6 $18 Rc5 $2 {[#]} (24... Rxe6 25. Nxe6 Rxc2) 25. b4 {White is clearly winning.} Rb5 26. a4 Ne3 27. axb5 Nxd1 28. Rxd1 g5 29. Ng6+ Kg7 30. Bf5 Rxg6 31. Bxg6 Kxg6 32. Re1 Kf7 33. g4 a5 34. bxa6 {Precision: White = 58%, Black = 21%.} 1-0

[Event "15th Deltalift Open 2018"]
[Site "Halmstad"]
[Date "2018.05.10"]
[Round "2"]
[White "Tikkanen, Hans"]
[Black "Lyngsjo, Hakan"]
[Result "1-0"]
[WhiteElo "2492"]
[BlackElo "2067"]
[Annotator "TA"]
[PlyCount "57"]
[EventDate "2018.??.??"]
[EventType "swiss"]
[EventCountry "SWE"]
[SourceTitle "playchess.com"]
[Source "ChessBase"]
[SourceQuality "1"]

{[%evp 13,57,35,31,16,10,18,9,-20,60,56,47,49,63,80,91,85,103,85,85,132,178,185,202,156,147,37,276,253,257,222,295,258,337,279,306,304,492,393,816,822,820,815,802,794,1076,1081]} 1. d4 Nf6 2. Nf3 g6 3. e3 Bg7 4. c4 O-O 5. Be2 d5 (5... d6 6. Nc3 Nc6 7. d5 Nb4 8. a3 Na6 9. Nd4 e5 10. dxe6 fxe6 11. O-O e5 12. Nb3 c6 13. e4 Nc7 14. f4 Ne6 {½-½ (59) Caruana,F (2784)-Carlsen,M (2843) Karlsruhe/Baden-Baden 2018}) 6. cxd5 {E60: King's Indian: Unusual lines and Fianchetto Variation without Nc3} Nxd5 7. e4 Nb6 {LiveBook: 45 Games} 8. a4 {White is slightly better.} a5 9. Be3 Nc6 $146 ({Predecessor:} 9... f5 10. Nc3 Nc6 11. Qb3+ Kh8 12. d5 Nb4 13. Bxb6 cxb6 {0-1 (39) McClung,M (1500)-Bunyan,H (800) IECG email 1998}) 10. h3 e5 (10... f5 $11) 11. d5 $14 Nb4 12. Nc3 f5 13. Qb3 $36 {[%mdl 2048] Black is under strong pressure.} fxe4 14. d6+ Kh8 {[#]} 15. dxc7 $1 (15. Nxe4 cxd6 16. Bg5 Qd7 $17) 15... Qxc7 16. Ng5 Bd7 17. Rc1 {Strongly threatening 0-0.} (17. Ngxe4 Bc6 $11) 17... Bc6 18. O-O {Black must now prevent Ne6.} (18. Ncxe4 $6 Qd8 $16) (18. Ngxe4 N6d5 $11) 18... Qe7 19. Ne6 ({Stronger than} 19. Ngxe4 Nxa4 20. f3 Nxc3 $11) (19. Ncxe4 $16 Bd5 20. Qa3) 19... Nd7 $2 {[#]} (19... Bd5 $1 $14 20. Nxd5 Qxe6 21. Bxb6 Qxd5) 20. Nxf8 $18 Rxf8 21. Qc4 Rd8 22. Rfd1 ({Don't take} 22. Nxe4 $6 Bd5 $18) 22... Nf6 23. Qc5 Rxd1+ 24. Rxd1 ({Inferior is} 24. Bxd1 Qxc5 25. Bxc5 Nd3 $11) 24... Qc7 $2 (24... Qxc5 {keeps fighting.} 25. Bxc5 Nd3) 25. Qb6 Nbd5 $2 (25... Qxb6 26. Bxb6 Bf8 27. Bxa5 Nd3 28. Bxd3 exd3) 26. Nxd5 {White is clearly winning.} Nxd5 27. Qxc7 Nxc7 28. Rd8+ Ne8 29. Bb5 {Precision: White = 62%, Black = 14%.} 1-0

[Event "15th Deltalift Open 2018"]
[Site "Halmstad"]
[Date "2018.05.10"]
[Round "2"]
[White "Jepson, Christian"]
[Black "Olsson, William"]
[Result "1-0"]
[WhiteElo "2415"]
[BlackElo "2059"]
[Annotator "TA"]
[PlyCount "49"]
[EventDate "2018.??.??"]
[EventType "swiss"]
[EventCountry "SWE"]
[SourceTitle "playchess.com"]
[Source "ChessBase"]
[SourceQuality "1"]

{[%evp 14,49,29,21,111,108,202,214,189,172,186,166,171,70,67,60,569,560,567,562,559,557,614,607,668,667,710,715,763,749,908,906,843,796,918,912,916,856]} 1. Nf3 d5 2. g3 Nf6 3. Bg2 e6 4. O-O c5 5. c4 Nc6 6. cxd5 exd5 7. d4 c4 8. b3 {LiveBook: 12 Games. D30: Queen's Gambit Declined: Systems without Nc3} (8. Nc3 Be7 9. Ne5 O-O 10. b3 cxb3 11. axb3 Be6 12. Bf4 Qb6 13. Na4 Qb5 14. Nxc6 Qxc6 15. Rc1 Qb5 16. Nc5 Bf5 17. Re1 Rac8 {1-0 (47) Klekowski,M (2450)-Swicarz,M (2302) Zgierz 2017}) 8... b5 (8... cxb3 $1 $11 {remains equal.} 9. Qxb3 Be7) 9. Ne5 $16 Bb7 {[#]} (9... Nxe5 $16 10. dxe5 Ne4) 10. bxc4 $1 $18 {White is clearly better.} bxc4 11. Qa4 $146 {Threatens to win with Nc3.} ({Predecessor:} 11. Nc3 Bb4 12. Rb1 Qa5 13. Na4 Rb8 14. Nc5 Qc7 15. Nxc6 Bxc6 16. Bf4 {1-0 (16) Tarrago Antoni,M (2222)-Jane Basora,E Manresa 2007}) 11... Rc8 12. Nc3 {Hoping for Rb1.} Be7 13. Qb5 (13. Rb1 $18 Ba8 14. Bh3) 13... Ba8 $1 $14 14. Nxd5 (14. Rd1 {is interesting.} O-O 15. Nxd5 Nxd5 16. Bxd5 Nxe5 17. Bxa8 Rxa8 18. Qxe5 c3 19. Qe4) 14... O-O $2 {[%mdl 8192] [#]} (14... a6 $1 $14 15. Nxf6+ gxf6 16. Nxc6 axb5 17. Nxd8 Rxd8) 15. Nxc6 $18 {White is clearly winning.} Bxc6 16. Nxe7+ Qxe7 17. Bxc6 Qxe2 18. Bf4 h5 19. Rfe1 Qg4 20. h4 Rfd8 21. Bb7 Rb8 22. Bxb8 Rxb8 23. Rab1 Rd8 24. Qxc4 Rxd4 25. Qc8+ {Precision: White = 70%, Black = 19%.} 1-0

[Event "15th Deltalift Open 2018"]
[Site "Halmstad"]
[Date "2018.05.10"]
[Round "2"]
[White "Lindberg, Bengt"]
[Black "Petersson, Baldur Teodor"]
[Result "1-0"]
[WhiteElo "2404"]
[BlackElo "2038"]
[Annotator "ChessBase"]
[PlyCount "63"]
[EventDate "2018.??.??"]
[EventType "swiss"]
[EventCountry "SWE"]
[SourceTitle "playchess.com"]
[Source "ChessBase"]
[SourceQuality "1"]
[TimeControl "1800+12"]

1. e4 {[%emt 0:00:04]} c5 {[%emt 0:01:07]} 2. Nf3 {[%emt 0:00:19]} e6 {[%emt 0:00:45]} 3. d4 {[%emt 0:00:20]} cxd4 {[%emt 0:00:29]} 4. Nxd4 {[%emt 0:00:20]} a6 {[%emt 0:01:03]} 5. Nc3 {[%emt 0:00:19]} Qc7 {[%emt 0:00:27]} 6. Bd3 {[%emt 0:00:46]} Bc5 {[%emt 0:00:35]} 7. Nb3 {[%emt 0:00:41]} Be7 {[%emt 0:00:34]} 8. O-O {[%emt 0:01:27]} Nf6 {[%emt 0:00:26]} 9. f4 {[%emt 0:00:06]} d6 {[%emt 0:00:12]} 10. e5 {[%emt 0:00:24]} dxe5 {[%emt 0:01:12]} 11. fxe5 {[%emt 0:00:05]} Qxe5 {[%emt 0:00:21]} 12. Bf4 {[%emt 0:00:07]} Qh5 {[%emt 0:00:20]} 13. Be2 {[%emt 0:01:28]} Qg6 {[%emt 0:00:21]} 14. Rf3 {[%emt 0:00:07]} Nc6 {[%emt 0:06:31]} 15. Rg3 {[%emt 0:05:16]} Qf5 {[%emt 0:00:15]} 16. Qd2 {[%emt 0:00:17]} Nd5 {[%emt 0:09:36]} 17. Nxd5 {[%emt 0:01:25]} Qxd5 {[%emt 0:00:53]} 18. Rd3 {[%emt 0:00:10]} Qf5 {[%emt 0:00:11]} 19. Rf1 {[%emt 0:05:07]} e5 {[%emt 0:00:41]} 20. Be3 {[%emt 0:00:03]} Qg6 {[%emt 0:00:17]} 21. Bc5 {[%emt 0:00:06]} Bxc5+ {[%emt 0:01:17]} 22. Nxc5 {[%emt 0:00:02]} Nd4 {[%emt 0:00:26]} 23. Rg3 {[%emt 0:03:56]} Qb6 {[%emt 0:02:00]} 24. b4 {[%emt 0:01:56]} Be6 {[%emt 0:02:56]} 25. Bd3 {[%emt 0:03:31]} O-O-O {[%emt 0:00:49]} 26. Qf2 {[%emt 0:00:02]} g6 {[%emt 0:02:58]} 27. Re3 {[%emt 0:02:24]} Bxa2 {[%emt 0:02:03]} 28. c3 {[%emt 0:00:38]} Ne6 {[%emt 0:00:57]} 29. Qxa2 {[%emt 0:00:53]} Nxc5 {[%emt 0:00:02]} 30. Qc4 {[%emt 0:01:00]} Qe6 {[%emt 0:02:57]} 31. Qxc5+ {[%emt 0:00:13]} Kb8 {[%emt 0:00:02]} 32. Bc4 {[%emt 0:00:05]} 1-0

[Event "15th Deltalift Open 2018"]
[Site "Halmstad"]
[Date "2018.05.10"]
[Round "2"]
[White "Lokander, Martin"]
[Black "Jogstad, Daniel"]
[Result "1-0"]
[WhiteElo "2386"]
[BlackElo "2028"]
[Annotator "NA"]
[PlyCount "59"]
[EventDate "2018.??.??"]
[EventType "swiss"]
[EventCountry "SWE"]
[SourceTitle "playchess.com"]
[Source "ChessBase"]
[SourceQuality "1"]
[TimeControl "1800+12"]

1. Nf3 {[%emt 0:00:04]} Nf6 {[%emt 0:00:13]} 2. c4 {[%emt 0:00:06]} c5 {[%emt 0:00:42]} 3. Nc3 {[%emt 0:00:15]} e6 {[%emt 0:00:54]} 4. g3 {[%emt 0:00:56]} b6 {[%emt 0:01:48]} 5. Bg2 {[%emt 0:00:04]} Bb7 {[%emt 0:00:09]} 6. O-O {[%emt 0:00:05]} d6 {[%emt 0:03:58]} 7. d4 {[%emt 0:00:17]} cxd4 {[%emt 0:00:09]} 8. Qxd4 {[%emt 0:00:10]} Be7 {[%emt 0:02:38]} 9. Rd1 {[%emt 0:00:02]} a6 {[%emt 0:00:16]} 10. b3 {[%emt 0:01:18]} Nbd7 {[%emt 0:00:02]} 11. e4 {[%emt 0:00:30]} O-O {[%emt 0:00:23]} 12. Ba3 {[%emt 0:00:11]} Nc5 {[%emt 0:00:26]} 13. e5 {[%emt 0:00:10]} dxe5 {[%emt 0:01:51]} 14. Qxe5 {[%emt 0:00:04]} Nd3 {[%emt 0:05:54]} 15. Rxd3 {[%emt 0:00:12]} Qxd3 16. Bxe7 {[%emt 0:01:59]} Bxf3 $11 {[%emt 0:00:02]} 17. Bxf8 {[%emt 0:00:49]} Rxf8 {[%emt 0:00:24]} 18. Bxf3 Qxf3 {[%emt 0:00:01]} 19. Qd4 {[%emt 0:01:18]} e5 {[%emt 0:02:22]} 20. Qd2 {[%emt 0:00:01]} h5 {[%emt 0:01:59]} 21. Re1 {[%emt 0:00:14]} Ng4 {[%emt 0:00:30]} 22. Nd5 {[%emt 0:01:24]} Re8 {[%emt 0:02:42]} 23. h3 {[%emt 0:00:37]} Nh6 {[%emt 0:00:02]} 24. Nxb6 {[%emt 0:01:26]} Re6 {[%emt 0:04:28]} 25. Nd5 Qf5 {[%emt 0:03:25]} 26. Ne7+ {[%emt 0:00:30]} Rxe7 {[%emt 0:00:04]} 27. Qd8+ {[%emt 0:00:01]} Kh7 {[%emt 0:00:02]} 28. Qxe7 {[%emt 0:00:01]} Qxh3 {[%emt 0:00:25]} 29. Qxe5 {[%emt 0:00:08]} Ng4 {[%emt 0:00:32]} 30. Qe4+ {[%emt 0:00:02]} 1-0

[Event "15th Deltalift Open 2018"]
[Site "Halmstad"]
[Date "2018.05.10"]
[Round "2"]
[White "Pantzar, Milton"]
[Black "Johnson, Daniel"]
[Result "1/2-1/2"]
[WhiteElo "2333"]
[BlackElo "2028"]
[Annotator "NA"]
[PlyCount "33"]
[EventDate "2018.??.??"]
[EventType "swiss"]
[EventCountry "SWE"]
[SourceTitle "playchess.com"]
[Source "ChessBase"]
[SourceQuality "1"]
[TimeControl "1800+12"]

1. Nf3 {[%emt 0:00:03]} d5 {[%emt 0:01:02]} 2. g3 {[%emt 0:00:10]} Nf6 {[%emt 0:00:06]} 3. Bg2 {[%emt 0:00:44]} e6 {[%emt 0:01:40]} 4. O-O {[%emt 0:03:15]} Be7 {[%emt 0:00:09]} 5. c4 {[%emt 0:01:07]} O-O {[%emt 0:01:00]} 6. d4 {[%emt 0:00:30]} dxc4 {[%emt 0:00:11]} 7. Qa4 {[%emt 0:00:22]} a6 {[%emt 0:01:22]} 8. Qxc4 {[%emt 0:00:05]} b5 {[%emt 0:00:05]} 9. Qc2 {[%emt 0:00:45]} Bb7 {[%emt 0:00:02]} 10. Bf4 {[%emt 0:00:48]} Nc6 {[%emt 0:08:49]} 11. Rd1 {[%emt 0:03:31]} Nb4 {[%emt 0:07:43]} 12. Qc1 {[%emt 0:00:17]} Rc8 {[%emt 0:02:01]} 13. Ne5 {[%emt 0:13:21]} Bxg2 {[%emt 0:05:10]} 14. Kxg2 {[%emt 0:00:02]} Qd5+ {[%emt 0:02:58]} 15. f3 {[%emt 0:00:09]} c5 {[%emt 0:01:28]} 16. Nc3 {[%emt 0:00:12]} Qb7 {[%emt 0:00:12]} 17. e4 {[%emt 0:02:27]} 1/2-1/2

[Event "15th Deltalift Open 2018"]
[Site "Halmstad"]
[Date "2018.05.10"]
[Round "2"]
[White "Hobber, Anders"]
[Black "Torngren, Gustav"]
[Result "1-0"]
[WhiteElo "2320"]
[BlackElo "2023"]
[Annotator "NA"]
[PlyCount "99"]
[EventDate "2018.??.??"]
[EventType "swiss"]
[EventCountry "SWE"]
[SourceTitle "playchess.com"]
[Source "ChessBase"]
[SourceQuality "1"]
[TimeControl "1800+12"]

1. d4 {[%emt 0:00:04]} Nf6 {[%emt 0:00:01]} 2. Bf4 {[%emt 0:01:23]} c5 {[%emt 0:00:16]} 3. d5 {[%emt 0:00:48] A45: Trompowsky Attack} e6 {[%emt 0:02:16]} (3... d6 4. Nc3 e5 5. Bd2 Bf5 6. h3 Nbd7 7. g4 Be4 8. f3 Bg6 9. e4 a6 10. a4 Be7 {0-1 (35) Vachier Lagrave,M (2795)-Grischuk,A (2750) chess.com INT 2017}) 4. Nc3 {[%emt 0:00:38]} exd5 {[%emt 0:00:31]} 5. Nxd5 {[%emt 0:00:35]} Nxd5 {[%emt 0:00:08]} 6. Qxd5 {[%emt 0:00:22]} Nc6 {[%emt 0:00:10]} 7. O-O-O {[%emt 0:02:07]} Be7 $146 {[%emt 0:01:04]} ({Predecessor:} 7... d6 8. Bxd6 Bxd6 9. Qxd6 Qa5 {½-½ (9) Aguilar,S (1788)-Kiryushin,A (1825) LSS email 2012}) 8. Bd6 {[%emt 0:01:35]} Bxd6 {[%emt 0:01:17]} 9. Qxd6 {[%emt 0:00:03]} Qe7 {[%emt 0:00:01]} 10. Qxe7+ Kxe7 {[%emt 0:00:14]} 11. Nh3 {[%emt 0:01:25]} d6 {[%emt 0:01:40]} 12. Nf4 {[%emt 0:00:14]} Be6 {[%emt 0:00:23]} 13. g3 {[%emt 0:03:14]} g5 {[%emt 0:00:28]} 14. Nd5+ {[%emt 0:01:10]} Bxd5 {[%emt 0:01:10]} 15. Rxd5 {[%emt 0:00:03]} f6 {[%emt 0:00:02]} 16. Bg2 {[%emt 0:00:10]} Rad8 {[%emt 0:04:51]} 17. c3 {[%emt 0:01:04]} Ne5 {[%emt 0:03:32]} 18. h3 {[%emt 0:01:01]} h5 {[%emt 0:00:30]} 19. f4 {[%emt 0:00:29]} Nc4 {[%emt 0:05:15]} 20. fxg5 {[%emt 0:05:54]} Ne3 {[%emt 0:00:02]} 21. gxf6+ {[%emt 0:00:04]} Kxf6 {[%emt 0:00:02]} 22. Rd3 {[%emt 0:00:17]} Nxg2 {[%emt 0:00:02]} 23. Rg1 {[%emt 0:00:14]} Nh4 {[%emt 0:00:12]} 24. gxh4 {[%emt 0:00:36]} Rh6 {[%emt 0:01:56]} 25. Rg5 {[%emt 0:01:01]} Ke6 {[%emt 0:02:36]} 26. Rxc5 {[%emt 0:00:27]} dxc5 {[%emt 0:00:02]} 27. Rxd8 {[%emt 0:00:02]} Ke5 {[%emt 0:00:09]} 28. Rd7 {[%emt 0:05:00]} Kf4 {[%emt 0:00:41]} 29. Rxb7 {[%emt 0:01:42]} Kg3 {[%emt 0:00:01]} 30. Rxa7 {[%emt 0:00:12]} Kxh4 {[%emt 0:00:03]} 31. Rg7 {[%emt 0:00:51]} Kxh3 {[%emt 0:00:03]} 32. b4 {[%emt 0:00:12]} cxb4 {[%emt 0:00:13]} 33. cxb4 {[%emt 0:00:03]} Re6 {[%emt 0:01:04]} 34. b5 {[%emt 0:00:58]} h4 {[%emt 0:01:16]} 35. a4 {[%emt 0:00:42]} Rxe2 {[%emt 0:04:12]} 36. b6 {[%emt 0:00:31]} Re4 {[%emt 0:00:27]} 37. b7 {[%emt 0:00:19]} Rxa4 {[%emt 0:00:54]} 38. b8=Q {[%emt 0:00:06]} Rc4+ {[%emt 0:00:57]} 39. Kd2 {[%emt 0:02:31]} Rd4+ {[%emt 0:00:39]} 40. Ke3 {[%emt 0:00:42]} Re4+ {[%emt 0:00:04]} 41. Kf3 {[%emt 0:00:10]} Re3+ {[%emt 0:00:15] [#]} 42. Kf4 $1 {[%emt 0:00:02]} Rf3+ {[%emt 0:00:11]} 43. Kg5 {[%emt 0:00:29]} Rf5+ {[%emt 0:00:05]} 44. Kg6 {[%emt 0:00:11]} Rf6+ {[%emt 0:00:17]} 45. Kh5 {[%emt 0:00:21]} Rh6+ {[%emt 0:00:45]} 46. Kg5 {[%emt 0:00:03]} Rh5+ {[%emt 0:00:05]} 47. Kg6 {[%emt 0:00:09]} Rh6+ {[%emt 0:00:49]} 48. Kf7 {[%emt 0:00:07]} Rf6+ {[%emt 0:01:14]} 49. Kg8 {[%emt 0:00:09]} Rf8+ {[%emt 0:02:11]} 50. Qxf8 {[%emt 0:00:05]} 1-0